| 000 | 00890nam a2200205 a 4500 | ||
|---|---|---|---|
| 008 | 170302s2013 ||||||||||||||||| || u | ||
| 020 | _a9780702037405 | ||
| 050 | _aR 723.5 Cli | ||
| 100 | _aTurner, Wendy | ||
| 245 | 1 | 0 |
_aClinical problem solving in periodontology and implantology.( 1st ed.) _cEdited By Francis J. Hughes, Kevin G. Seymour, Wendy Turner, Shakeel Shahdad and Francis Nohl |
| 250 | _a1st ed. | ||
| 260 |
_aEdinburg: _bChurchill Livingstone/Elsevier _c2013 |
||
| 300 | _a186p.: ill. | ||
| 350 | _a79.95 | ||
| 650 | _aCLINICAL MEDICINE--METHODS--CASE REPORTS | ||
| 650 | _aMEDICINE--DECISION MAKING--CASE STUDIES | ||
| 700 | _aSeymour, Kevin G | ||
| 700 | _aHughes, Francis J | ||
| 995 |
_aMICHAEL CHILUFYA SATA OPEN ACCESS _e903677 _FCBU-SCHOOL OF MEDICINE LIBRARY (Ndola) _I79.95 _jR 723.5 Cli _M1 _UAVAILABLE _WMar 14, 2017 _y903677 _ZMedical Library Open Access Collection |
||
| 999 |
_c31046 _d31046 |
||